header

The Writer's World : sentences & paragraphs (Record no. 252821)

MARC details
000 -LEADER
fixed length control field 00529nam a22001937a 4500
003 - CONTROL NUMBER IDENTIFIER
control field OSt
005 - DATE AND TIME OF LATEST TRANSACTION
control field 20200318122342.0
008 - FIXED-LENGTH DATA ELEMENTS--GENERAL INFORMATION
fixed length control field 160307b xxu||||| |||| 00| 0 eng 3
010 ## - LIBRARY OF CONGRESS CONTROL NUMBER
LC control number 2008023705
020 ## - INTERNATIONAL STANDARD BOOK NUMBER
International Standard Book Number 9780136151937
040 ## - CATALOGING SOURCE
Transcribing agency N/A
050 ## - LIBRARY OF CONGRESS CALL NUMBER
Classification number PE1441
Item number .G34 2008
100 ## - MAIN ENTRY--PERSONAL NAME
Personal name Gaetz, Lynne & Suneeti Phadke
245 ## - TITLE STATEMENT
Title The Writer's World : sentences & paragraphs
250 ## - EDITION STATEMENT
Edition statement 2nd ed.
260 ## - PUBLICATION, DISTRIBUTION, ETC. (IMPRINT)
Place of publication, distribution, etc Upper Saddle River, NJ
Name of publisher, distributor, etc pearson education/prentice hall
Date of publication, distribution, etc 2008
300 ## - PHYSICAL DESCRIPTION
Extent xii,499p
Other physical details ill.
942 ## - ADDED ENTRY ELEMENTS (KOHA)
Source of classification or shelving scheme Library of Congress Classification
Koha item type Long Loan Books
Holdings
Withdrawn status Lost status Source of classification or shelving scheme Damaged status Not for loan Collection code Home library Current library Shelving location Date acquired Total Checkouts Full call number Barcode Date last seen Date checked out Price effective from Koha item type
    Library of Congress Classification     Non-fiction Rongo University Library Rongo University Library General Stacks 07/03/2016 4 PE1441 .G34 2008 201610708 11/10/2019 27/09/2019 07/03/2016 Long Loan Books
    Library of Congress Classification     Non-fiction Rongo University Library Rongo University Library General Stacks 15/02/2017   PE1441 .G34 2008 201616987 15/02/2017   15/02/2017 Long Loan Books
    Library of Congress Classification     Non-fiction Rongo University Library Rongo University Library General Stacks 18/03/2020   PE1441 .G34 2008 201610068 18/03/2020   18/03/2020 Long Loan Books

© 2026 Rongo University
Contact us: librarian | system librarian | Rongo university